000 00423cam a2200181ua 4500
020 _c5.00
041 _ahin
_h
082 _a891.54
_bSUM/RA
100 _aSumitranandan, Pant .
245 _aRajat shigar /
_cSumitranandan pant.
_hTextual Documents
250 _a1 /
_b.
260 _a :
_bBharati Bhandar ,
_c1951.
300 _a133 ; .
365 _a5.00
504 _a
942 _cBK
999 _c8339
_d8339